| 000 | 00610nam a22001937a 4500 | ||
|---|---|---|---|
| 005 | 20251108165301.0 | ||
| 008 | 250721s1968 xx 000 0 ara d | ||
| 082 | 1 | 4 | _a956.94/هـ |
| 100 | 1 | _aهرتزل، تيودور | |
| 245 | 1 | 0 | _aيوميات هرتزل / |
| 264 | 1 |
_aبيروت : _bمنظمة التحرير الفلسطينية - مركز الأبحاث، _c1968. |
|
| 300 | _a549ص | ||
| 490 | 0 | _aسلسلة كتب فلسطينية ؛ 10 | |
| 650 | 1 | 7 | _aالصهيونية |
| 650 | 1 | 7 | _aاليهود |
| 700 | 1 |
_aصايغ، هلدا شعبان _eترجمة |
|
| 942 |
_2ddc _cBK |
||
| 999 |
_c24108 _d24108 |
||